MCSE Guide to Microsoft Windows 2000 Networking Certification Edition
Bewaard in:
| Hoofdauteur: | |
|---|---|
| Andere auteurs: | |
| Formaat: | Boek |
| Taal: | Undetermined |
| Gepubliceerd in: |
Boston, MA
Course Technology
2003
|
| Online toegang: | http://lrc.tdmu.edu.vn/opac/search/detail.asp?aID=2&ID=7338 |
| Tags: |
Voeg label toe
Geen labels, Wees de eerste die dit record labelt!
|
| Thư viện lưu trữ: | Trung tâm Học liệu Trường Đại học Thủ Dầu Một |
|---|
| LEADER | 00646nam a2200193Ia 4500 | ||
|---|---|---|---|
| 001 | TDMU_7338 | ||
| 008 | 210410s9999 xx 000 0 und d | ||
| 082 | |a 005.4 | ||
| 090 | |b C111 | ||
| 100 | |a Caudly, Kelly Caudly | ||
| 245 | 0 | |a MCSE Guide to Microsoft Windows 2000 Networking Certification Edition | |
| 245 | 0 | |c Kelly Caudly, Walter J. Glenn, James Michael Stewart | |
| 260 | |a Boston, MA | ||
| 260 | |b Course Technology | ||
| 260 | |c 2003 | ||
| 300 | |a xvii, 373 p | ||
| 700 | |a Glenn, Walter J. | ||
| 856 | |u http://lrc.tdmu.edu.vn/opac/search/detail.asp?aID=2&ID=7338 | ||
| 980 | |a Trung tâm Học liệu Trường Đại học Thủ Dầu Một | ||